00502nam a2200121Ia 45000010005000000080041000050820033000461000097000792450139001762600024003159010026003399990015003654011241024s9999 xx 000 0 und d aRD/616.9792/R426p/P2015-2018 aRepública Dominicana. Ministerio de Salud Pública. Consejo Nacional pra el VIH y el SIDA 0aPlan Estratégico Nacional (PEN) para la Prevención y el Control de la ITS, VIH y SIDA 2015-2018 (PEN 2015-2018). Resumen Ejecutivo bSanto Domingoc2015 a6/8/2015 2:56:06 a.m. c8065d8065